A kombinatorika tanítása az általános iskolában
Elmentve itt :
| Szerző: | |
|---|---|
| További közreműködők: | |
| Dokumentumtípus: | Szakdolgozat |
| Megjelent: |
1977
|
| Tárgyszavak: | |
| Online Access: | http://diploma.bibl.u-szeged.hu/122127 |
| LEADER | 00594nta a2200169 i 4500 | ||
|---|---|---|---|
| 001 | dipl122127 | ||
| 005 | 20220225125703.0 | ||
| 008 | 220211s1977 hu om 0|| hun d | ||
| 040 | |a SZTE Diploma Repozitórium |b hun | ||
| 041 | |a hun | ||
| 100 | 1 | |a Mészáros Magdolna | |
| 245 | 1 | 2 | |a A kombinatorika tanítása az általános iskolában |h [elektronikus dokumentum] / |c Magdolna Mészáros |
| 260 | |c 1977 | ||
| 650 | 4 | |a Pedagógusképzés | |
| 650 | 4 | |a Mathematics | |
| 700 | 1 | |a Kunstár Jánosné |e ths | |
| 856 | 4 | 0 | |u http://diploma.bibl.u-szeged.hu/id/eprint/122127/1/1977_meszaros_magdolna.pdf |z Dokumentum-elérés |